000 00894nam a22002057a 4500
003 JO-AjAnu
005 20251011121716.0
008 251011b jo ||||| |||| 00| 0 ara d
040 _aJO-AjAnu
_bara
_cJO-AjAnu
_dJO-AjAnu
_erda
041 _aara
_hara
050 _aGV706.4
_b2020
100 1 _aامين، محمد
_eمؤلف
_966729
245 0 _aسيكولوجية الاحتراق في المجال الرياضي /
_c محمد امين
250 _aالطبعة الاولى
260 _aعمان - السعودية :
_b دار من المحيط الى الخليج للنشر والتوزيع، دار خالد اللحياني للنشر والتوزيع،
_c2020
300 _a163 صفحة
504 _aيحتوي على قائمة مراجع
650 7 0 _aالتدريب الرياضي-الضغوط النفسية-علم النفس الرياضي
_966730
942 _2lcc
_cBK
_n0
999 _c34033
_d34033